00401cam a2200157ua 45000010005000000080039000050400009000440820013000531000032000662450047000982500009001452600036001543000017001906530018002076530018002253854111206n ii |||gr||||Z||||||asm cMAIN a891.4511 aBhattacharyya, Nalinidhar.,11aKabitar kathacby Nalinidhar Bhattacharyya a1st. aGuwahati:bChetana Prakash,993. a148p:c23cm. aAssamese poem aKabitar katha